BIBLIOTECA PODER JUDICIAL
Portal Judicial TDF

Tratado de derecho administrativo / (Registro nro. 287)

000 -LEADER
fixed length control field 02134nam a22002177a 4500
003 - CONTROL NUMBER IDENTIFIER
control field OSt
005 - DATE AND TIME OF LATEST TRANSACTION
control field 20181129063251.0
008 - FIXED-LENGTH DATA ELEMENTS--GENERAL INFORMATION
fixed length control field 180220b xxu||||| |||| 00| 0 spa d
020 ## - INTERNATIONAL STANDARD BOOK NUMBER
International Standard Book Number 9509502154
040 ## - CATALOGING SOURCE
Transcribing agency PJ
100 ## - ASIENTO PRINCIPAL - NOMBRE DE PERSONA
9 (RLIN) 57
Personal name Gordillo, Agustín A.
245 10 - MENCIÓN DE TÍTULO
Título propiamente dicho Tratado de derecho administrativo /
Mención de responsabilidad, etc Agustín Gordillo.
260 ## - PUBLICATION, DISTRIBUTION, ETC. (IMPRINT)
Place of publication, distribution, etc Buenos Aires :
Name of publisher, distributor, etc Fundación de Derecho Administrativo,
Date of publication, distribution, etc 1998.
300 ## - DESCRIPCION FISICA
Extent 4 v.
Dimensions 23 cm.
500 ## - NOTA GENERAL
General note Notas al pie de página.
505 ## - FORMATTED CONTENTS NOTE
Formatted contents note Contenido:<br/>v. 1: Parte General: Método en derecho. Pasado, presente y futuro. Bases políticas, supraconstitucionales y sociales. Condicionamientos económicos y financieros; Crisis y cambio. Fuentes supranacionales y nacionales. Relaciones. Funciones del poder. Clasificación jurídica de la función administrativa y de contratos administrativos. Órganos del Estado. Agentes públicos. Clasificación de entes públicos. Entes reguladores. <br/>v. 2: Defensa del usuario y del administrado: Prueba de los derechos, distintos tipos de derecho, lesión y protección de derechos. responsabilidad por violación de los derechos.<br/>v. 3: Acto administrativo: Como parte de la función administrativa y como productor de efectos jurídicos. Distinción entre acto y hecho administrativo. Actos, reglamentos y contratos administrativos. Presunción de legitimidad, exigibilidad y ejecutoriedad. Estabilidad e impugnabilidad. Actos administrativos como instrumentos públicos. Objeto y competencia del acto administrativo. Vicios de voluntad. Formalidades. Sistema de nulidades. Modificación. Extinción. <br/>v. 4: Procedimiento administrativo: Partes. Administrador. Recursos. Acceso a las actuaciones administrativas. Notificación y publicación. Apertura a prueba, Medios de prueba. Producción y valoración de la prueba. Tiempo en el procedimiento. Recursos de reconsideración; Jerárquico y de alzada. Reclamo administrativo previo. Queja y amparo por mora. Anexo. <br/>
650 ## - ASIENTO SECUNDARIO DE MATERIA - TERMINO TEMATICO
Topical term or geographic name as entry element DERECHO ADMINISTRATIVO
9 (RLIN) 211
650 #0 - ASIENTO SECUNDARIO DE MATERIA - TERMINO TEMATICO
Topical term or geographic name as entry element PROCEDIMIENTO ADMINISTRATIVO
9 (RLIN) 1135
650 #0 - ASIENTO SECUNDARIO DE MATERIA - TERMINO TEMATICO
Topical term or geographic name as entry element ACTO ADMINISTRATIVO
9 (RLIN) 1171
942 ## - ADDED ENTRY ELEMENTS (KOHA)
Source of classification or shelving scheme
Koha item type Libros
Classification part 342.9(035)
Item part GOR
Existencias
Withdrawn status Lost status Source of classification or shelving scheme Damaged status Not for loan Permanent Location Current Location Date acquired Serial Enumeration / chronology Full call number Barcode Date last seen Price effective from Koha item type Copy number Total Checkouts Date checked out
          Biblioteca Poder Judicial Sur Biblioteca Poder Judicial Sur 2018-04-23 V. 2 342.9(035) GOR 3611 2018-04-23 2018-04-23 Libros      
          Biblioteca Poder Judicial Sur Biblioteca Poder Judicial Sur 2018-04-23 V. 2 342.9(035) GOR 3776 2018-04-23 2018-04-23 Libros ej. 2    
          Biblioteca Poder Judicial Sur Biblioteca Poder Judicial Sur 2018-04-23 V. 1 342.9(035) GOR 3775 2018-11-29 2018-04-23 Libros ej. 2    
          Biblioteca Poder Judicial Sur Biblioteca Poder Judicial Sur 2018-04-23 V. 1 342.9(035) GOR 3241 2018-11-29 2018-04-23 Libros      
          Biblioteca Poder Judicial Sur Biblioteca Poder Judicial Sur 2018-04-23 V. 3 342.9(035) GOR 3777 2018-11-29 2018-04-23 Libros      
          Biblioteca Poder Judicial Sur Biblioteca Poder Judicial Sur 2018-04-23 V. 4 342.9(035) GOR 4906 2023-12-11 2018-04-23 Libros   1 2022-09-30

12 de Octubre 789 Ushuaia - Tel:  54(02901)441571
Horario de Atención: 8.00 a 17.00 hs. 
bibliotecaush@justierradelfuego.gov.ar
koha@justierradelfuego.gov.ar
Seguinos en nuestras redes @bibliojustdf 

Con tecnología Koha